000 00792nam a2200265 i 4500
001 bg
100 1 _aTOMASI, Wayne F.
245 1 0 _aAdvanced electronic communications systems /
_cWayne Tomasi.
250 _a4th ed.
260 _aUpper Saddle River :
_bPrentice Hall,
_c1998.
300 _a413 s. :
_brys., wykr. ;
_c25 cm.
504 _aIndeks.
650 9 _aTelekomunikacja
_xurządzenia
650 9 _aUkłady cyfrowe
_xstosowanie
_xtelekomunikacja
650 9 _aTransmisja danych
_xmetody
650 9 _aSieć komputerowa
_xstosowanie
_xtelekomunikacja
650 9 _aŁączność satelitarna
020 _a0137509863
040 _cBPK
041 0 _aen
080 _a621.39:004.7:629.783
920 _a0-13-750986-3
942 _cKS
008 s pl f |000 0 pol
999 _c36151
_d36151
856 _uhttp://koha.tu.koszalin.pl/cgi-bin/koha/opac-detail.pl?biblionumber=36151
_yKatalog online BPK